A. WESLEY POWELL LEARNING RESOURCE CENTRE (WPLRC)

Wonderful Place to Learn, Research & Collaborate

Understanding other Culture (Record no. 16697)

MARC details
000 -LEADER
fixed length control field nam a22 7a 4500
001 - ACCESSION NUMBER
control field 10955
003 - CONTROL NUMBER IDENTIFIER
control field OSt
005 - DATE AND TIME OF LATEST TRANSACTION
control field 20210630114714.0
008 - FIXED-LENGTH DATA ELEMENTS--GENERAL INFORMATION
fixed length control field 210630b xxu||||| |||| 00| 0 eng d
020 ## - INTERNATIONAL STANDARD BOOK NUMBER
International Standard Book Number 000
040 ## - CATALOGING SOURCE
Transcribing agency DDC
082 ## - DEWEY DECIMAL CLASSIFICATION NUMBER
Classification number R/390 BRO
100 ## - MAIN ENTRY--PERSONAL NAME
Relator code Ina Corinne Brown
245 ## - TITLE STATEMENT
Title Understanding other Culture
Statement of responsibility, etc. Ina Corinne Brown
260 ## - PUBLICATION, DISTRIBUTION, ETC. (IMPRINT)
Place of publication, distribution, etc. Eglewood Cliffs
Name of publisher, distributor, etc. Prentice Hall INC.
Date of publication, distribution, etc. 1963
942 ## - ADDED ENTRY ELEMENTS (KOHA)
Source of classification or shelving scheme Dewey Decimal Classification
Koha item type Books
Holdings
Withdrawn status Lost status Source of classification or shelving scheme Damaged status Not for loan Home library Current library Date acquired Total Checkouts Full call number Date last seen Price effective from Koha item type
    Dewey Decimal Classification   Not For Loan Wesley Powell Learning Resource Centre Wesley Powell Learning Resource Centre 06/30/2021   R/390 BRO 06/30/2021 06/30/2021 Books